| 000 | 00848nam a2200265 a 4500 | ||
|---|---|---|---|
| 001 | 32469 | ||
| 003 | BD-RjUL | ||
| 005 | 20211209051835.0 | ||
| 008 | 181007s1991 pk b 001 0 eng d | ||
| 035 | _a(BD-RjUL)32558 | ||
| 040 |
_aDLC _cTxFS _dOCoLC _dBD-RjUL _beng |
||
| 041 | 1 | _aengara | |
| 082 | 0 | 0 |
_a297.1226 _bTAF V-1-V-4 1991 _223 |
| 245 | 1 | 4 |
_aTafsir-ul-Qurʼan : _bTranslation and commentary of the Holy Qurʼan _cby Maulana Abdul Majid Daryabadi |
| 250 | _a1st ed. | ||
| 260 |
_aKarachi: _bDarul-Ishaat, _c1991 |
||
| 300 |
_a4 v. ; _c24 cm. |
||
| 504 | _aIncludes bibliographical references and index | ||
| 505 | 0 | _aVol. 1 --v. 2 --v. 3-- v. 4 | |
| 650 |
_aQuran _9117108 _xCommentaries. |
||
| 650 |
_aKoran. _9117106 _xCommentaries. |
||
| 700 |
_aDaryabadi, Abdul Majid , tr. _9223363 |
||
| 942 |
_2ddc _cRAR |
||
| 999 |
_c32469 _d32469 |
||